| 000 | 00359nam a22001697a 4500 | ||
|---|---|---|---|
| 003 | SGT | ||
| 020 | _a9788184452402 | ||
| 082 |
_a617.0757 _bR19S |
||
| 100 | _aSETHI, SUMER K. | ||
| 245 | _aREVIEW OF RADIOLOGY | ||
| 250 | _a8TH | ||
| 260 |
_aINDIA _bPEEPEE PUB _c2019 |
||
| 300 | _a270 | ||
| 650 | _aRADIOLOGY | ||
| 653 | _aEXAM BOOK | ||
| 942 |
_2ddc _cBK |
||
| 999 |
_c22443 _d22443 |
||